| 000 | 00462nam a22001337a 4500 | ||
|---|---|---|---|
| 008 | 230526b |||||||| |||| 00| 0 eng d | ||
| 040 |
_aNational Science Library _cNational Science Library |
||
| 080 |
_a575.113(082.2)(048.3) _bP1 |
||
| 245 |
_a5th ADNAT convention, a two day symposium on perspectives in genome analysis _c/ ADNAT, 23rd- 24th February 2001, |
||
| 260 |
_aHyderabad: _bADNAT, _c2001 |
||
| 300 | _a78p. | ||
| 650 | _aScience | ||
| 942 |
_2udc _cSYM |
||
| 999 |
_c35154 _d35154 |
||